[Event "ch-FRA Blitz Online Qual"]
[Site "Europe-Chess INT"]
[Date "2020.05.16"]
[Round "4"]
[White "Prevot, Rodolphe"]
[Black "Kovacs, Klara"]
[Result "1/2-1/2"]
[BlackTitle "WIM"]
[WhiteElo "1871"]
[BlackElo "2154"]
[WhiteFideId "20600755"]
[BlackFideId "733210"]
[EventDate "2020.05.16"]

1. Nf3 d5 2. c4 e6 3. b3 Nf6 4. Bb2 Be7 5. g3 O-O 6. Bg2 c5 7. O-O Nc6 8. d3 b6
9. e3 Bb7 10. Nc3 d4 11. exd4 cxd4 12. Nb5 e5 13. Nxe5 Nxe5 14. Bxb7 Bc5 15. Re1
Neg4 16. h3 Nh6 17. Bxa8 Qxa8 18. Nxd4 Qd8 19. Nf3 Nf5 20. d4 Bd6 21. Ne5 Ne7
22. Qf3 Ng6 23. Rad1 Qc7 24. Nxg6 hxg6 25. d5 Nd7 26. Qc3 f6 27. Re6 Ne5 28. Qe3
Bc5 29. Qe4 Nf7 30. Qxg6 Ng5 31. Kg2 Nxe6 32. dxe6 Qc6+ 33. Kh2 Qxe6 34. Qc2 Re8
35. Qd2 Kh8 36. Qc2 Kg8 37. Qd2 Kh8 38. Qc2 Kg8 1/2-1/2

[Event "ch-FRA Blitz Online Qual"]
[Site "Europe-Chess INT"]
[Date "2020.05.16"]
[Round "4"]
[White "Trabet, Mathis"]
[Black "Bellahcene, Sofia"]
[Result "1/2-1/2"]
[WhiteElo "2118"]
[BlackElo "1948"]
[WhiteFideId "36041289"]
[BlackFideId "26075954"]
[EventDate "2020.05.16"]

1. d4 c6 2. Nf3 d5 3. c4 e6 4. g3 dxc4 5. a4 b5 6. Bg2 Bb7 7. O-O Nf6 8. Ne5 Qc7
9. Nc3 a6 10. axb5 axb5 11. Rxa8 Bxa8 12. Nxb5 cxb5 13. Bxa8 Be7 14. Bf4 Qa7 15.
Bg2 O-O 16. Be3 Nd5 17. Qc2 Qc7 18. Ra1 f6 19. Nf3 Nc6 20. Qe4 Qd6 21. Ra6 Ndb4
22. Rb6 f5 23. Qb1 Rb8 24. Bf4 Qd8 25. Bxb8 Qxb6 26. Be5 Nxe5 27. dxe5 Bc5 28.
e3 Nd3 29. b3 Qc7 30. bxc4 bxc4 31. Qc2 Be7 32. Bf1 Nxe5 33. Nxe5 Qxe5 34. Qxc4
Kf7 35. Be2 g6 36. Bf3 h6 37. Kg2 g5 38. Bc6 Kf6 39. h3 Kf7 40. Bd7 Kf6 41. Qc6
Qd6 42. Qc8 Bf8 43. Qe8 Qe7 44. Qc8 Kf7 45. Kh2 Kf6 46. Qc3+ Kg6 47. Qc6 Kf7 48.
Bc8 Qd6 49. Qb7+ Kg6 50. Kg2 Be7 51. Bd7 Qd5+ 52. Qxd5 exd5 53. Be6 f4 54. gxf4
gxf4 55. Bxd5 fxe3 56. fxe3 Kf6 57. e4 Ke5 58. Kg3 h5 59. Kf3 h4 60. Kg4 Bd8 61.
Bc6 Be7 1/2-1/2

[Event "ch-FRA Blitz Online Qual"]
[Site "Europe-Chess INT"]
[Date "2020.05.16"]
[Round "4"]
[White "Jacquot, David"]
[Black "Fournier, Loic"]
[Result "1/2-1/2"]
[WhiteElo "1830"]
[BlackElo "2116"]
[WhiteFideId "20624093"]
[BlackFideId "36013463"]
[EventDate "2020.05.16"]

1. d4 Nf6 2. Nf3 c5 3. Bg5 e6 4. e3 d5 5. c3 Be7 6. Nbd2 Nc6 7. Bd3 O-O 8. O-O
h6 9. Bh4 b6 10. Ne5 Bb7 11. f4 Ne8 12. Bxe7 Nxe7 13. Ndf3 Nd6 14. Nh4 Ne4 15.
Qg4 Bc8 16. Qe2 Nf5 17. Nxf5 exf5 18. g4 fxg4 19. Bxe4 dxe4 20. Nxg4 Qh4 21. Ne5
Re8 22. Rf2 f6 23. Ng6 Qg4+ 24. Qxg4 Bxg4 25. f5 Bh5 26. Raf1 Bxg6 27. fxg6 Rad8
28. Rf5 Re6 29. dxc5 Rd2 30. cxb6 Rxb6 31. R1f2 Rbxb2 32. Rxd2 Rxd2 33. Rc5 Rd8
34. Rc7 Kf8 35. Rf7+ Kg8 36. Rxa7 Kf8 37. Rf7+ Kg8 38. Ra7 Kf8 39. Rf7+ Kg8 40.
Ra7 1/2-1/2

[Event "ch-FRA Blitz Online Qual"]
[Site "Europe-Chess INT"]
[Date "2020.05.16"]
[Round "4"]
[White "Dumas, Charles"]
[Black "Oney, Remel"]
[Result "1-0"]
[WhiteElo "2284"]
[BlackElo "1781"]
[WhiteFideId "675733"]
[BlackFideId "6310125"]
[EventDate "2020.05.16"]

1. e4 Nf6 2. e5 Nd5 3. d4 d6 4. Nf3 Bg4 5. Be2 e6 6. O-O Be7 7. c4 Nb6 8. b3 O-O
9. Na3 Nc6 10. Nc2 Bxf3 11. Bxf3 dxe5 12. Bxc6 bxc6 13. dxe5 Nd7 14. Bb2 Nc5 15.
Qf3 a5 16. Nd4 a4 17. Nxc6 Qe8 18. b4 Na6 19. a3 Bg5 20. Rad1 f5 21. exf6 Bxf6
22. Bxf6 Rxf6 23. Qe4 Rc8 24. Rd3 Nb8 25. Ne5 Rd8 26. Rfd1 Rxd3 27. Rxd3 g6 28.
h3 Qf8 29. Qd4 Kg7 30. Ng4 e5 31. Qxe5 Nc6 32. Qxf6+ Qxf6 33. Nxf6 Kxf6 34. f4
Kf5 35. g3 g5 36. Rd5+ Ke4 37. fxg5 Nd4 38. Ra5 Nc2 39. Rxa4 Kd4 40. c5 Kc4 41.
Ra7 1-0

[Event "ch-FRA Blitz Online Qual"]
[Site "Europe-Chess INT"]
[Date "2020.05.16"]
[Round "4"]
[White "Geronimi, Jean-Thomas"]
[Black "Pujari, Rucha"]
[Result "1-0"]
[BlackTitle "WIM"]
[WhiteElo "1827"]
[BlackElo "2244"]
[WhiteFideId "36098515"]
[BlackFideId "5024528"]
[EventDate "2020.05.16"]

1. e4 e5 2. Nf3 Nc6 3. d4 exd4 4. Bc4 Nf6 5. e5 Ng4 6. O-O d6 7. exd6 Bxd6 8.
Re1+ Kf8 9. Bg5 Bxh2+ 10. Kf1 f6 11. Bh4 Be5 12. c3 g5 13. cxd4 Nxd4 14. Bxg5
Qd6 15. Nxe5 Nxe5 16. Bxf6 Nxc4 17. Bxh8 Nf5 18. Qxd6+ cxd6 19. Be5 Nxe5 20. Nc3
Be6 21. Rad1 Bc4+ 22. Kg1 Nd3 23. Re4 d5 24. Rg4 Rd8 25. b3 Ba6 26. Rd2 Kf7 27.
Kf1 d4 28. Kg1 Ne5 29. Rdxd4 Nxd4 30. Rxd4 1-0

[Event "ch-FRA Blitz Online Qual"]
[Site "Europe-Chess INT"]
[Date "2020.05.16"]
[Round "4"]
[White "Robert, Mathias"]
[Black "Zeller, Thomas"]
[Result "1-0"]
[WhiteElo "2140"]
[BlackElo "1792"]
[WhiteFideId "26066769"]
[BlackFideId "26057069"]
[EventDate "2020.05.16"]

1. Nf3 d5 2. c4 c6 3. e3 Nf6 4. b3 g6 5. Bb2 Bg7 6. d3 O-O 7. Nbd2 Nbd7 8. Qc2
Re8 9. Be2 e5 10. O-O e4 11. dxe4 dxe4 12. Nd4 c5 13. Nb5 Ne5 14. Rad1 Nd3 15.
Nxe4 Nxe4 16. Bxd3 Bf5 17. Bxg7 Kxg7 18. f3 Qg5 19. fxe4 Qxe3+ 20. Kh1 Bxe4 21.
Nd6 Bxd3 22. Nxe8+ Rxe8 23. Rxd3 Qe1 24. Rf3 Re2 25. Rxf7+ Kh6 26. Qd3 Qh4 27.
Qxe2 1-0

[Event "ch-FRA Blitz Online Qual"]
[Site "Europe-Chess INT"]
[Date "2020.05.16"]
[Round "4"]
[White "Vine, Guillaume"]
[Black "Soubirou, Oriane"]
[Result "0-1"]
[WhiteElo "1824"]
[BlackElo "2144"]
[WhiteFideId "20654219"]
[BlackFideId "686034"]
[EventDate "2020.05.16"]

1. Nf3 Nf6 2. d4 g6 3. c4 c5 4. d5 b5 5. cxb5 Bg7 6. Nc3 d6 7. e4 Qa5 8. Qc2
Nxe4 9. Bd2 Nxd2 10. Nxd2 O-O 11. Be2 Bb7 12. Nb3 Qd8 13. Rd1 Nd7 14. O-O Nf6
15. Bf3 Bc8 16. Rfe1 Bf5 17. Qe2 Re8 18. Nd2 a6 19. Nde4 axb5 20. Qxb5 Qa5 21.
Qxa5 Rxa5 22. Re2 Rb8 23. Rde1 Nxe4 24. Bxe4 Bd7 25. Nd1 Bf6 26. a3 Ra4 27. Bf3
Rd4 28. h3 Bf5 29. Nc3 Bd3 30. Rd2 Bc4 31. Rxd4 cxd4 32. Nd1 Bb3 33. Be2 Bxd1
34. Rxd1 Rxb2 35. Bc4 Rc2 36. Bb5 Rc5 37. a4 Rxd5 38. Rc1 d3 39. Rd1 d2 40. Kf1
Bc3 41. Ke2 Re5+ 42. Kd3 Ba5 43. Kd4 Re1 0-1

[Event "ch-FRA Blitz Online Qual"]
[Site "Europe-Chess INT"]
[Date "2020.05.16"]
[Round "4"]
[White "Carvallo, Henri"]
[Black "Moracchini, Margaux"]
[Result "1-0"]
[WhiteElo "2069"]
[BlackElo "1933"]
[WhiteFideId "619914"]
[BlackFideId "36018198"]
[EventDate "2020.05.16"]

1. d4 Nf6 2. Bf4 Nh5 3. Bg5 h6 4. Bh4 g6 5. e3 Bg7 6. Nf3 d6 7. Be2 O-O 8. c4
Nd7 9. Nc3 e5 10. O-O Nhf6 11. Rc1 c6 12. b4 Qc7 13. Bg3 Re8 14. c5 dxc5 15.
bxc5 Nh5 16. Bh4 exd4 17. exd4 Nf4 18. Bc4 Nf6 19. Bg3 g5 20. Re1 Bf5 21. Qb3
N6h5 22. d5 Nxg3 23. d6 Qd7 24. hxg3 Ne6 25. Na4 Bg4 26. Ne5 Bxe5 27. Rxe5 Nd4
28. Qe3 Nf5 29. Qe1 Rxe5 30. Qxe5 Re8 31. Qb2 Ng7 32. Nc3 b6 33. cxb6 axb6 34.
Qxb6 Qxd6 35. Qb3 Be6 36. a4 Nf5 37. Ne4 Qe5 38. Re1 Nd4 39. Qd3 Bxc4 40. Qxc4
Kg7 41. f3 Nf5 42. Rd1 1-0

[Event "ch-FRA Blitz Online Qual"]
[Site "Europe-Chess INT"]
[Date "2020.05.16"]
[Round "4"]
[White "Duquesne, Adrien"]
[Black "Mathieu, Phileas"]
[Result "1-0"]
[WhiteElo "2147"]
[BlackElo "2214"]
[WhiteFideId "20650582"]
[BlackFideId "36048410"]
[EventDate "2020.05.16"]

1. d4 Nf6 2. c4 c5 3. d5 b5 4. cxb5 a6 5. bxa6 g6 6. Nc3 Bg7 7. e4 O-O 8. Nf3
Qa5 9. Bd2 Bxa6 10. Be2 Bxe2 11. Qxe2 Qa6 12. a4 d6 13. Nb5 Nxe4 14. Qxe4 Qxb5
15. axb5 Rxa1+ 16. Ke2 Rb1 17. Rxb1 1-0

[Event "ch-FRA Blitz Online Qual"]
[Site "Europe-Chess INT"]
[Date "2020.05.16"]
[Round "4"]
[White "Larmet, Nino"]
[Black "Denjoy, Arnaud"]
[Result "0-1"]
[WhiteElo "1818"]
[BlackElo "2166"]
[WhiteFideId "45105219"]
[BlackFideId "26071185"]
[EventDate "2020.05.16"]

1. e4 e5 2. Nf3 Nc6 3. Bb5 a6 4. Ba4 Nf6 5. O-O Be7 6. d3 b5 7. Bb3 d6 8. a3 O-O
9. Nc3 Bg4 10. h3 Bxf3 11. Qxf3 Nd4 12. Qg3 c5 13. Bh6 Ne8 14. Rae1 Nxb3 15.
cxb3 Kh8 16. Bd2 Nc7 17. Re2 Ne6 18. Be3 f5 19. f4 Bh4 20. Qf3 fxe4 21. dxe4
Nxf4 22. Bxf4 Rxf4 23. Qd3 Rxf1+ 24. Kxf1 Qf6+ 25. Kg1 Rf8 26. Rd2 Bf2+ 27. Kh1
Bd4 28. Nd1 h5 29. Kh2 h4 30. Ne3 Qf4+ 31. Kh1 Qxe3 32. Qxb5 Qg1# 0-1

[Event "ch-FRA Blitz Online Qual"]
[Site "Europe-Chess INT"]
[Date "2020.05.16"]
[Round "4"]
[White "Nicolas, Guillaume"]
[Black "Capouilliet, Sylvain"]
[Result "0-1"]
[WhiteElo "2143"]
[BlackElo "1821"]
[WhiteFideId "20646607"]
[BlackFideId "660337"]
[EventDate "2020.05.16"]

1. e4 c5 2. Nf3 Nc6 3. d4 cxd4 4. Nxd4 Nf6 5. Nc3 g6 6. Be3 Bg7 7. f3 O-O 8. Qd2
d5 9. Nxc6 bxc6 10. exd5 cxd5 11. O-O-O Be6 12. Bd4 Qa5 13. Kb1 Rab8 14. Ne2
Qxd2 15. Rxd2 Rfc8 16. g3 Bh6 17. f4 Ne4 18. Rd1 Bg7 19. Bxg7 Kxg7 20. Rg1 Bg4
21. Rxd5 Rd8 22. Rxd8 Rxd8 23. Nc3 Nxc3+ 24. bxc3 Rd1+ 25. Kb2 Bh3 0-1

[Event "ch-FRA Blitz Online Qual"]
[Site "Europe-Chess INT"]
[Date "2020.05.16"]
[Round "4"]
[White "Lambert, Adrien"]
[Black "Schippke, Manon"]
[Result "0-1"]
[WhiteElo "2123"]
[BlackElo "1873"]
[WhiteFideId "624772"]
[BlackFideId "45100446"]
[EventDate "2020.05.16"]

1. e4 c5 2. Nf3 d6 3. d4 cxd4 4. Nxd4 Nf6 5. Nc3 Nc6 6. Nde2 e6 7. g3 Be7 8. Bg2
O-O 9. O-O a6 10. a4 Qc7 11. h3 b6 12. Be3 Bb7 13. f4 Na5 14. b3 Rac8 15. Qd2
Rfd8 16. Rac1 Bc6 17. g4 Nb7 18. g5 Nd7 19. h4 b5 20. axb5 axb5 21. Nd4 Bf8 22.
Ncxb5 Bxb5 23. Nxb5 Qc6 24. c4 Ra8 25. e5 Qc8 26. Nxd6 Bxd6 27. exd6 Nbc5 28.
Qc2 Rb8 29. Rb1 Nf8 30. b4 Na6 31. b5 Nc5 32. Rfd1 Rb6 33. Qf2 Nfd7 34. Ra1 Rb8
35. Ra7 Rb7 36. Bxb7 Nxb7 37. Rb1 Qxc4 38. Rxb7 Qe4 39. Rc7 Qxb1+ 40. Kg2 Qxb5
41. Rc3 Qd5+ 42. Qf3 Qxd6 43. Bf2 Qe7 44. Rd3 Nf8 45. Qd1 Rxd3 46. Qxd3 Qc7 47.
Bg3 Qd7 48. Kh3 Qxd3 0-1

[Event "ch-FRA Blitz Online Qual"]
[Site "Europe-Chess INT"]
[Date "2020.05.16"]
[Round "4"]
[White "Lorans, Sylvain"]
[Black "Alif, Yassine"]
[Result "0-1"]
[WhiteElo "2086"]
[BlackElo "1874"]
[WhiteFideId "605794"]
[BlackFideId "45107203"]
[EventDate "2020.05.16"]

1. d4 Nf6 2. c4 g6 3. f3 Bg7 4. e4 d6 5. Nc3 O-O 6. Nge2 c5 7. d5 e6 8. Ng3 exd5
9. cxd5 a6 10. a4 Nbd7 11. Be2 Qa5 12. Ra3 Ne8 13. O-O f5 14. exf5 gxf5 15. Kh1
Ne5 16. Nh5 Bh8 17. Bh6 Rf7 18. Qe1 Bd7 19. Qg3+ Ng6 20. Nf4 Be5 21. Bd3 Qb4 22.
Nce2 Rg7 23. Bxg7 Nxg7 24. Qg5 Nxf4 25. Ng3 Qxb2 26. Bxf5 Bxf5 27. Nxf5 Qxa3 28.
Nh6+ Kh8 29. Nf7+ Kg8 30. Nh6+ Kh8 31. Qe7 Qxa4 32. Nf7+ Kg8 33. Nxe5 dxe5 34.
Qxe5 Rf8 35. d6 Qe8 36. Qc3 Qf7 37. Rd1 Rd8 38. Qxc5 Nfe6 39. Qe5 Qf5 40. Qg3
Qf4 41. Qh4 Rxd6 42. Qe1 Rxd1 43. Qxd1 Qd4 44. Qc1 Qd7 45. h4 b5 46. Qa3 Kf7 47.
Qxa6 Qe7 48. Qxb5 Qxh4+ 49. Kg1 Qe1+ 50. Kh2 Kf6 51. Qb2+ Qe5+ 52. Qxe5+ Kxe5
53. Kg3 Kf5 54. Kh4 Nf4 55. g4+ Kg6 56. Kg3 Kg5 57. Kf2 Nge6 58. Kg3 Nd4 59. Kf2
Nc6 60. Ke3 Ne5 61. Ke4 Nxg4 62. fxg4 Kxg4 63. Ke3 Kg3 64. Ke4 h5 0-1

[Event "ch-FRA Blitz Online Qual"]
[Site "Europe-Chess INT"]
[Date "2020.05.16"]
[Round "4"]
[White "Richard, Emma"]
[Black "Rasolo, Loick"]
[Result "1/2-1/2"]
[WhiteTitle "WFM"]
[WhiteElo "2160"]
[BlackElo "1951"]
[WhiteFideId "657590"]
[BlackFideId "36004049"]
[EventDate "2020.05.16"]

1. e4 c5 2. Nf3 Nc6 3. Bb5 e6 4. O-O Nge7 5. Qe2 a6 6. Bxc6 Nxc6 7. c3 Be7 8. d4
cxd4 9. cxd4 O-O 10. Nc3 d5 11. e5 b5 12. Rd1 Bb7 13. Be3 Na5 14. Rac1 Nc4 15.
b3 Nxe3 16. Qxe3 Rc8 17. Ne2 Qa5 18. Rxc8 Rxc8 19. Qd2 Bb4 20. Qb2 Bc3 21. Qb1
b4 22. Ng5 g6 23. h4 Qd8 24. Nf3 a5 25. Qd3 Rc6 26. Qe3 Ba6 27. Nf4 Bb2 28. Nh3
Rc3 29. Qh6 Qf8 30. Qd2 Ba3 31. h5 Rd3 32. Qc2 Rxd1+ 33. Qxd1 Qh6 34. hxg6 hxg6
35. Nhg5 Qf8 36. Qc2 Qc8 37. Qxc8+ Bxc8 38. Kf1 Bb2 39. Ke2 Ba6+ 40. Kd2 Bc3+
41. Kc2 Bf1 42. Nh4 Be1 43. Nh3 Kg7 44. Nf3 Bc3 45. Nf4 Kh6 46. Nh2 Bb5 47. Nf3
g5 48. Nd3 Bxd3+ 49. Kxd3 g4 50. Nh2 Kg5 51. Nf1 Be1 52. Ke2 Bc3 53. Kd3 Be1 54.
Ke3 f5 55. exf6 Kxf6 56. Ng3 Kg5 57. Ne2 Kf5 58. Nf4 Bc3 59. Kd3 Be1 60. Ke3 Bc3
61. Ne2 Be1 62. Ng3+ Kg5 63. f4+ gxf3 64. Kxf3 Bc3 65. Ne2 Bb2 66. Ke3 Kf5 67.
Ng3+ Kg4 68. Ne2 Kf5 69. Kd3 Kg4 70. Ke3 Kf5 1/2-1/2

[Event "ch-FRA Blitz Online Qual"]
[Site "Europe-Chess INT"]
[Date "2020.05.16"]
[Round "4"]
[White "Ribiere, Damien"]
[Black "Kieffer, Anatole"]
[Result "1-0"]
[WhiteElo "2083"]
[BlackElo "2094"]
[WhiteFideId "26041634"]
[BlackFideId "20650027"]
[EventDate "2020.05.16"]

1. e4 d5 2. exd5 Qxd5 3. Nf3 Bg4 4. Be2 Nf6 5. O-O Nc6 6. h3 Bxf3 7. Bxf3 Qd7 8.
d4 O-O-O 9. c3 e6 10. b4 Kb8 11. Nd2 Nd5 12. Qb3 Nxc3 13. Qxc3 Bxb4 14. Qb3 Ba5
15. Nc4 Bb6 16. Nxb6 axb6 17. Bxc6 Qxc6 18. Be3 Qe4 19. Qb1 Qh4 20. Qc1 h6 21.
Kh2 g5 22. g3 Qe4 23. Qb1 Qf3 24. Qd1 Qd5 25. a4 f5 26. f4 gxf4 27. Bxf4 Rh7 28.
a5 bxa5 29. Qa4 b6 30. Rfb1 Kb7 31. Qxa5 Qxa5 32. Rxa5 Rxd4 33. Ra2 h5 34. h4
Re7 35. Re2 Rd5 36. Rbe1 b5 37. Rxe6 Red7 38. R6e2 c5 39. Kg2 c4 40. Rb1 Kb6 41.
Be3+ Kc6 42. Kf3 c3 43. Rc2 Rd3 44. Ke2 Rd8 45. Rb3 b4 46. Rxb4 1-0

[Event "ch-FRA Blitz Online Qual"]
[Site "Europe-Chess INT"]
[Date "2020.05.16"]
[Round "4"]
[White "Iglesias, Christophe"]
[Black "Rodriguez Rodriguez, Antonio"]
[Result "1-0"]
[BlackTitle "FM"]
[WhiteElo "1815"]
[BlackElo "2112"]
[WhiteFideId "551007584"]
[BlackFideId "2219255"]
[EventDate "2020.05.16"]

1. e4 e5 2. d4 exd4 3. Qxd4 Nc6 4. Qe3 Nf6 5. Nc3 Bb4 6. Bd2 O-O 7. O-O-O Re8 8.
Qg3 d6 9. f3 Ne5 10. h4 c6 11. h5 d5 12. h6 g6 13. exd5 cxd5 14. a3 Bd6 15. Qh4
Be6 16. Bg5 Be7 17. Bb5 Nc6 18. Nge2 a6 19. Bxc6 bxc6 20. Qd4 Rb8 21. Na4 Rf8
22. g4 Ne8 23. Bxe7 Qxe7 24. Rde1 Qf6 25. Nc5 Qxd4 26. Nxd4 Bc8 27. Nxc6 Rb5 28.
Nd3 Nd6 29. a4 Rb6 30. Ne7+ Kh8 31. Nxd5 Rc6 32. Ne5 Rc5 33. Nf6 Be6 34. Ned7
Rfc8 35. Nxc5 Rxc5 36. Rd1 Rc6 37. Rhe1 Nb7 38. Rxe6 Rxe6 39. Rd7 Rxf6 40. Rxb7 1-0

[Event "ch-FRA Blitz Online Qual"]
[Site "Europe-Chess INT"]
[Date "2020.05.16"]
[Round "4"]
[White "Morais, Mario"]
[Black "Revel, Adrien"]
[Result "1-0"]
[WhiteElo "2061"]
[BlackElo "1859"]
[WhiteFideId "614270"]
[BlackFideId "624179"]
[EventDate "2020.05.16"]

1. d4 Nf6 2. Nc3 d5 3. Bg5 c5 4. Bxf6 exf6 5. e3 cxd4 6. Qxd4 Be6 7. Rd1 Nc6 8.
Qa4 Bb4 9. Ne2 O-O 10. a3 Be7 11. Nf4 Qc7 12. Nfxd5 Bxd5 13. Nxd5 Qe5 14. Nxe7+
Qxe7 15. Bd3 Qe5 16. Qe4 Qxe4 17. Bxe4 Rac8 18. O-O b6 19. Bxc6 Rxc6 20. c3 a6
21. Rd4 g6 22. Rfd1 Kg7 23. Kf1 b5 24. Rd6 Rfc8 25. R1d4 a5 26. Rxc6 Rxc6 27.
Ke2 h5 28. Kd3 f5 29. Rd5 Rb6 30. b4 axb4 31. axb4 Kf6 32. Kd4 Ke6 33. Re5+ Kf6
34. Rd5 Ke6 35. Rd8 Rc6 36. Re8+ Kd6 37. Rd8+ Ke6 38. f3 Rc4+ 39. Kd3 Rc6 40.
Rb8 Rd6+ 41. Ke2 Rd5 42. e4 fxe4 43. fxe4 Re5 44. Kd3 f5 45. Re8+ Kf6 46. Rxe5
Kxe5 47. exf5 gxf5 48. c4 bxc4+ 49. Kxc4 Ke4 50. b5 1-0

[Event "ch-FRA Blitz Online Qual"]
[Site "Europe-Chess INT"]
[Date "2020.05.16"]
[Round "4"]
[White "Masset, Jacques"]
[Black "Massiani, Xavier"]
[Result "1-0"]
[WhiteElo "2058"]
[BlackElo "1781"]
[WhiteFideId "20603703"]
[BlackFideId "45145059"]
[EventDate "2020.05.16"]

1. d4 Nf6 2. c4 e6 3. Nc3 Bb4 4. Qc2 O-O 5. e4 d5 6. e5 Ne4 7. Bd3 c5 8. Nf3 Nc6
9. dxc5 Bxc5 10. Bxe4 dxe4 11. Qxe4 Rb8 12. O-O Bd7 13. Bg5 Be7 14. Bxe7 Qxe7
15. Rad1 Nb4 16. Rd6 Bc6 17. Qe2 h6 18. a3 Na6 19. b4 f6 20. Rfd1 Bxf3 21. Qxf3
fxe5 22. Qe3 Qf6 23. Ne4 Qf5 24. Rd7 b6 25. h3 Rbc8 26. Nd6 Qh5 27. Nxc8 Rxc8
28. Rd8+ Rxd8 29. Rxd8+ Kh7 30. Qd3+ Qf5 31. Qxf5+ exf5 32. Rd7 Nb8 33. Rxa7 Nc6
34. Rb7 Nd4 35. Rxb6 Nc2 36. a4 g5 37. a5 Na3 38. Rc6 e4 39. a6 Nc2 40. a7 Nxb4
41. Rc7+ Kg6 42. a8=Q f4 43. Qe8+ Kf5 44. Rc5+ Kf6 45. Qe5+ Kg6 46. Qf5+ Kh5 47.
g4+ fxg3 48. fxg3 e3 49. Rb5 Nc6 50. Qf3+ Kg6 51. Qxc6+ 1-0

[Event "ch-FRA Blitz Online Qual"]
[Site "Europe-Chess INT"]
[Date "2020.05.16"]
[Round "4"]
[White "Lamorelle, Yves"]
[Black "Commin-Humeau, Augustin"]
[Result "0-1"]
[WhiteTitle "FM"]
[WhiteElo "2052"]
[BlackElo "1971"]
[WhiteFideId "601810"]
[BlackFideId "26093006"]
[EventDate "2020.05.16"]

1. e4 c5 2. Nf3 g6 3. c3 d5 4. e5 Nc6 5. h3 d4 6. Bc4 Bg7 7. Qe2 e6 8. d3 Qc7 9.
Bf4 Nge7 10. O-O O-O 11. Nbd2 Nd5 12. Bxd5 exd5 13. cxd4 cxd4 14. Nb3 Qb6 15.
Qd2 Bf5 16. Bh6 Rfe8 17. Bxg7 Kxg7 18. Rfe1 a5 19. g4 Bd7 20. Qf4 Rac8 21. Rac1
Be6 22. h4 Nb4 23. h5 Nxd3 24. h6+ Kf8 25. Qf6 Nxe1 26. Rxe1 Qd8 27. Qg7+ Ke7
28. Nbxd4 Rg8 29. Qf6+ Kd7 30. Qf4 Rc4 31. b3 Rc3 32. Ng5 Qc8 33. Ndxe6 fxe6 34.
Qf7+ Kc6 35. Nxe6 Re8 36. Nd4+ Kc5 37. Rd1 Qxg4+ 38. Kf1 Qxd1+ 39. Kg2 Qg4+ 40.
Kh2 Rh3# 0-1

[Event "ch-FRA Blitz Online Qual"]
[Site "Europe-Chess INT"]
[Date "2020.05.16"]
[Round "4"]
[White "Rebut, Paul"]
[Black "Hue, Victor"]
[Result "1-0"]
[WhiteElo "1966"]
[BlackElo "2038"]
[WhiteFideId "45111057"]
[BlackFideId "26045710"]
[EventDate "2020.05.16"]

1. d4 d5 2. Bf4 c6 3. e3 Nf6 4. Nd2 Nbd7 5. Ngf3 e6 6. c3 Be7 7. Bd3 b6 8. Ne5
Bb7 9. h4 Nxe5 10. dxe5 Nd7 11. Qg4 g6 12. h5 Nf8 13. hxg6 fxg6 14. Nf3 Qd7 15.
Ng5 c5 16. Nxh7 O-O-O 17. Bxg6 Nxg6 18. Qxg6 Rdg8 19. Qc2 Rxg2 20. O-O-O Qe8 21.
Nf6 Bxf6 22. exf6 Rxh1 23. Rxh1 e5 24. Qf5+ Kc7 25. Bxe5+ Kc6 26. f7 Qe7 27. Rh7
Rg1+ 28. Kc2 Rg5 29. Rh6+ Kb5 30. Qf6 Qxe5 31. f8=Q Qe4+ 32. Kd2 1-0

[Event "ch-FRA Blitz Online Qual"]
[Site "Europe-Chess INT"]
[Date "2020.05.16"]
[Round "4"]
[White "Sobry, Sebastien"]
[Black "Fischler, Oscar"]
[Result "1-0"]
[WhiteElo "2034"]
[BlackElo "1864"]
[WhiteFideId "622516"]
[BlackFideId "45190186"]
[EventDate "2020.05.16"]

1. e4 g6 2. d4 Bg7 3. Be3 d6 4. Nc3 c6 5. f3 b5 6. Qd2 Nf6 7. O-O-O O-O 8. g4 a5
9. Kb1 a4 10. h4 h5 11. g5 Nfd7 12. f4 b4 13. Nce2 b3 14. cxb3 axb3 15. a3 Qb6
16. f5 Na6 17. Nf4 Kh7 18. fxg6+ fxg6 19. Ne6 Rf7 20. Nxg7 Kxg7 21. Bc4 Rf8 22.
Nh3 Bb7 23. Rhf1 d5 24. Bd3 Nc7 25. Nf4 Rf7 26. exd5 Nxd5 27. Nxg6 Nxe3 28. Qxe3
e5 29. Rxf7+ Kxf7 30. Nxe5+ Nxe5 31. Qxe5 Qd8 32. Rf1+ Kg8 33. Bc4+ Kh7 34. Rf7+ 1-0

[Event "ch-FRA Blitz Online Qual"]
[Site "Europe-Chess INT"]
[Date "2020.05.16"]
[Round "4"]
[White "Emmenecker, Pierre-Antoine"]
[Black "Laville, Renaud"]
[Result "1-0"]
[WhiteElo "2172"]
[BlackElo "1774"]
[WhiteFideId "36031321"]
[BlackFideId "640247"]
[EventDate "2020.05.16"]

1. d4 Nf6 2. Nf3 d6 3. e3 g6 4. Be2 Bg7 5. O-O O-O 6. b3 Nbd7 7. Bb2 c5 8. c4 a6
9. d5 Rb8 10. a4 Re8 11. Nc3 Nf8 12. Qc2 e5 13. dxe6 Nxe6 14. Rfd1 Qc7 15. Nd5
Nxd5 16. Rxd5 Rd8 17. Rad1 Bxb2 18. Qxb2 b5 19. axb5 axb5 20. cxb5 Bb7 21. R5d2
Bxf3 22. Bxf3 Rxb5 23. Bd5 Qb8 24. Qf6 Qc8 25. f4 Rb4 26. Bxe6 fxe6 27. Rxd6 Rf8
28. Rd8 Rb8 29. Qxf8# 1-0

[Event "ch-FRA Blitz Online Qual"]
[Site "Europe-Chess INT"]
[Date "2020.05.16"]
[Round "4"]
[White "Villeneuve, Samuel"]
[Black "Roussel, Simon"]
[Result "1-0"]
[WhiteElo "1807"]
[BlackElo "2140"]
[WhiteFideId "20642105"]
[BlackFideId "26025710"]
[EventDate "2020.05.16"]

1. d4 Nf6 2. Nc3 d5 3. Bf4 a6 4. e3 Nbd7 5. Nf3 e6 6. Bd3 c5 7. O-O Be7 8. Ne5
O-O 9. Qf3 Re8 10. b3 Bf8 11. Bg5 h6 12. Bh4 g5 13. Bg3 Bg7 14. h4 Nxe5 15. Bxe5
gxh4 16. g3 Nh7 17. Bxg7 Kxg7 18. Bxh7 Kxh7 19. Qxf7+ Kh8 20. Kg2 Rg8 21. Rh1
Rg7 22. Qh5 Qg5 23. Rxh4 Qxh5 24. Rxh5 Kh7 25. Rah1 Rg6 26. dxc5 Bd7 27. f3 Rag8
28. g4 Bc6 29. Ne2 d4 30. e4 Rd8 31. Nf4 Rf6 32. Nd3 Rdf8 33. g5 Rxf3 34. Rxh6+
Kg7 35. Rh7+ Kg6 36. Ne5+ Kxg5 37. Nxf3+ Kf4 38. R1h4+ Ke3 39. Ng5 Rg8 40. R7h5
Kd2 41. Kg3 Kxc2 42. Rh2+ Kc3 43. Kf4 d3 44. Ke3 Rd8 45. Rd2 e5 46. Nf3 Bb5 47.
Nxe5 Rg8 48. Rh3 Rd8 49. a4 Bd7 50. Rxd3+ Kb4 51. Rxd7 1-0

[Event "ch-FRA Blitz Online Qual"]
[Site "Europe-Chess INT"]
[Date "2020.05.16"]
[Round "4"]
[White "Nguyen, Thao Nhi"]
[Black "Lauron, Wesley"]
[Result "0-1"]
[WhiteElo "1951"]
[BlackElo "1878"]
[WhiteFideId "36000310"]
[BlackFideId "36012769"]
[EventDate "2020.05.16"]

1. e4 e5 2. Nf3 Nc6 3. Nc3 Nf6 4. d4 exd4 5. Nxd4 Bb4 6. Nxc6 bxc6 7. Bd3 d5 8.
exd5 cxd5 9. O-O O-O 10. Bg5 c6 11. Ne2 h6 12. Bh4 Bd6 13. h3 Rb8 14. b3 Be5 15.
Rb1 Qd6 16. c4 Be6 17. cxd5 cxd5 18. Bg3 Bxg3 19. Nxg3 Rfd8 20. Nf5 Bxf5 21.
Bxf5 Ne4 22. Bxe4 dxe4 23. Qxd6 Rxd6 24. Rfe1 f5 25. Re2 Rbd8 26. Kh2 Kf7 27.
Rc1 Kf6 28. Rc7 R8d7 29. Rc5 Rd2 30. Rc2 Rxe2 31. Rxe2 Ke5 32. Rc2 f4 33. g3 g5
34. gxf4+ gxf4 35. Kg2 f3+ 36. Kf1 Rd1# 0-1